000 00674nam a2200289Ia 4500
005 20260324133342.0
008 008 260324s9999 xx 000 0 eng d
020 _a9781315016979
037 _aEBOOK
040 _aCRL
040 _beng
040 _cCRL
041 _2eng
041 _aeng
084 _qCRL
100 _aLancelot Hogben
_91192769
245 0 _aPolitical Arithmetic
245 2 _bA Symposium of Population Studies
260 _bTaylor and Francis
260 _c2003
365 _a
365 _b120
856 _uhttp://www.taylorfrancis.com/books/9781315016979
942 _cEBOOK
999 _c1791713
_d1791713